Автомобилен транспорт (Запис номер 117407)
[ съкратено ]
| 000 -Лидер | |
|---|---|
| Контролно поле с фиксирана дължина | nam a22 a 4500 |
| 003 - Код на организацията, давaща контролен номер | |
| Контролно поле | BLK |
| 005 - Дата и час на последна редакция | |
| Контролно поле | 20220930132421.0 |
| 008 - Елементи от данни с фиксирана дължина | |
| fixed length control field | 180409b bul|||||r ||||||| ||bul|| |
| 010 ## - Наследен системен номер | |
| LC control number | KNG00122993000 |
| 040 ## - Източник на каталожния запис | |
| Идентификатор на билиотеката - собственик на записа | BLK |
| 041 ## - Код за език | |
| Код за езика на текст/звукозапис или на отделно заглавие | Български |
| Код за езика КДБФ | Български |
| 080 ## - УДК | |
| Текстов определител УДК | Експлоатация на безрелсовия транспорт и пътищата |
| УДК код - определител по УДК | 656.1 |
| УДК определител | (094) |
| УДК - код + определител | 656.1(094) |
| 139 ## - Редно поле | |
| Редна дума | Автомобилен транспорт |
| Авторски знак | Авт - А 22 |
| 245 10 - Сведения за заглавието | |
| Заглавие | Автомобилен транспорт |
| Подзаглавни данни | Сб. закони, укази, постановления и разпореждания на Минист. съвет, правилници, наредби и др. |
| Редно поле (дума) | състав. Димитър Ил. Попов. |
| 257 ## - Страна на издаване | |
| Страна на създаване/издаване | България |
| 260 ## - Област на издателските данни | |
| Място на издаване, разпространение и проч. | София |
| Име на издателя, разпространителя и проч. | Наука и изкуство |
| Година на издаване | 1975 |
| Печатница | Враца : В. Александров |
| 300 ## - Физическа характеристика | |
| Страници | 475 с. |
| Илюстрации и др. | с табл. |
| Размери/Мащаб | 22 см |
| 380 ## - Жанр | |
| Жанр | Техника |
| 650 #4 - Допълнително описание по предмет – тема | |
| Основно описание – тема или топоним | Автомобилен транспорт |
| 9 (RLIN) | 276506 |
| 653 ## - Ключова дума – ненормативна | |
| Ключова дума | автомобилен транспорт |
| 653 ## - Ключова дума – ненормативна | |
| Ключова дума | нормативни документи |
| 700 1# - Други автори (авторска отговорност) | |
| Лично име | Попов, Димитър Ил. |
| Автороска отговорност (Описва отношението между автора и произведението) | състав. |
| 9 (RLIN) | 315232 |
| 852 ## - Местоположение | |
| Форматна сигнатура | Цб 76912 |
| Фондова буква | Хранилище |
| 856 4# - Електронен адрес и достъп | |
| Електронен формат | pdf - файл |
| 856 4# - Електронен адрес и достъп | |
| Електронен формат | pdf - файл |
| 999 ## - СИСТЕМНИ КОНТРОЛНИ НОМЕРА | |
| Koha biblionumber | 117407 |
| Koha biblioitemnumber | 117407 |
| 942 ## - АРТИКУЛИ | |
| Вид на библиотечния материал | Книги |
| Скрит в OPAC | Не |
| Периодичен библиозапис | Да |
| 944 ## - СЪЗДАВАНЕ И РЕДАКЦИЯ на ЗАПИСА | |
| Създаване/Редакция | Създаване |
| Дата на регистрацията/редакция | 21.04.2011 |
| Статус, дата на статуса | добави в АБ / 20.04.2011 |
| Служител, извършил регистрацията/редакцията | Диана_Димитрова |
| 944 ## - СЪЗДАВАНЕ И РЕДАКЦИЯ на ЗАПИСА | |
| Създаване/Редакция | Редакция |
| Дата на регистрацията/редакция | 2022-09-30 |
| Служител, извършил регистрацията/редакцията | ир |
| 999 ## - СИСТЕМНИ КОНТРОЛНИ НОМЕРА | |
| Koha biblioitemnumber | 117407 |
| Код за отписване | Код за изгубен артикул | Източник на класификационната схема | Код за повреда | Коз за рестрикции | Код за отдаване | Артикулен № | Име на библиотеката - собственик | Име на библиотеката, в която се намира в момента | Статус (Текущо местоположение) | Дата на вписване в системата | Местоположение - отдел | Цена в лева | Инвентарен номер | Систематично азбучна сигнатура | Баркод | Номер на екземпляра | Цена в евро | Служебна бележка | Служебен тип на артикула |
|---|---|---|---|---|---|---|---|---|---|---|---|---|---|---|---|---|---|---|---|
| Не е изгубен | Universal Decimal Classification | Не е повреден | само за читалня | ползва се в читалня | 189313 | Регионална библиотека "Любен Каравелов" Русе | Регионална библиотека "Любен Каравелов" Русе | Хранилище | 1975-01-01 | Хранилище | 1.88 | 187873 | Цб 76912 | 120000187873 | 1 | 0.96 | Дост: Dp Вид: Д N: стар фонд Дата: 01.01.1975 | Книги | |
| Изтеглен | Не е изгубен | Universal Decimal Classification | Не е повреден | без рестрикции | заемане за дома | 189314 | Регионална библиотека "Любен Каравелов" Русе | Регионална библиотека "Любен Каравелов" Русе | Заемна - подръчен фонд | 1975-01-01 | Заемна - подръчен фонд | 1.88 | 189362 | П 656.1/А 22 | 189362 | 2 | 0.96 | Дост: Pk Вид: Ф N: стар фонд Дата: 01.01.1975 | Книги |
| Изтеглен | Не е изгубен | Universal Decimal Classification | Не е повреден | без рестрикции | заемане за дома | 189315 | Регионална библиотека "Любен Каравелов" Русе | Регионална библиотека "Любен Каравелов" Русе | Заемна - подръчен фонд | 1975-01-01 | Заемна - подръчен фонд | 1.88 | 189364 | П 656.1/А 22 | 189364 | 3 | 0.96 | Дост: Pk Вид: Ф N: стар фонд Дата: 01.01.1975 | Книги |